Skład reprezentacji Francji! - Statystyki

Ogólne statystyki
  • Ten quiz został rozwiązany 243 razy
  • Średni wynik to 8 z 22
Statystyki odpowiedzi
Pozycja Zawodnik % Poprawnych
Napastnik Mbappe
88%
Bramkarz Lloris
82%
Napastnik Griezmann
60%
Napastnik Giroud
59%
Pomocnik Pogba
59%
Obrońca Hernandez
50%
Obrońca Pavard
49%
Obrońca Varane
49%
Napastnik Coman
40%
Bramkarz Mandanda
37%
Pomocnik Rabiot
36%
Obrońca Kimpembe
34%
Bramkarz Maignan
33%
Obrońca Lenglet
23%
Napastnik Thuram
14%
Napastnik Martial
12%
Obrońca Digne
9%
Pomocnik Sissoko
8%
Obrońca Zouma
6%
Obrońca Dubois
4%
Pomocnik Nzonzi / N'zonzi
3%
Obrońca Aguilar
0%
Nie znaleziono quizów pasujących do podanych kryteriów
Rozkład punktacji
Procent ludzi z każdym wynikiem
Percentyl według liczby udzielonych odpowiedzi
Twoja historia wyników
Nie rozwiązałeś tego quizu